[Event "World Rapid Women 2019"]
[Site "Moscow RUS"]
[Date "2019.12.27"]
[Round "7.25"]
[White "Mikhaylova, Irina"]
[Black "Khademalsharieh, Sarasadat"]
[Result "0-1"]
[WhiteTitle "WGM"]
[BlackTitle "IM"]
[WhiteElo "2288"]
[BlackElo "2487"]
[WhiteFideId "4109040"]
[BlackFideId "12512214"]
[EventDate "2019.12.26"]

1. d4 d5 2. Nf3 Nf6 3. c4 e6 4. Qc2 a6 5. cxd5 exd5 6. Bg5 c6 7. Nc3 Bd6 8. e3
Be6 9. Bd3 h6 10. Bh4 Nbd7 11. O-O O-O 12. Rab1 a5 13. a3 Re8 14. Ne2 Bg4 15.
Nd2 c5 16. f3 Be6 17. dxc5 Bxc5 18. Nd4 Rc8 19. Qd1 Qb6 20. Bf2 Ne5 21. N2b3 Bf8
22. Bb5 Bd7 23. Bxd7 Nfxd7 24. Re1 a4 25. Nd2 Nd3 26. Re2 Nxb2 27. Qf1 Bxa3 28.
f4 Qa6 29. N2f3 Nc4 30. Nb5 Bf8 31. Nfd4 Nc5 32. Ra1 Nb3 33. Raa2 Nxd4 34. Nxd4
b5 35. Qa1 a3 36. Qb1 b4 37. Qb3 Bc5 38. Rec2 Bxd4 39. exd4 Qd6 40. g3 Na5 41.
Rxc8 Rxc8 42. Qa4 b3 0-1

[Event "World Rapid Women 2019"]
[Site "Moscow RUS"]
[Date "2019.12.27"]
[Round "7.26"]
[White "Hejazipour, Mitra"]
[Black "Zatonskih, Anna"]
[Result "0-1"]
[WhiteTitle "WGM"]
[BlackTitle "IM"]
[WhiteElo "2277"]
[BlackElo "2420"]
[WhiteFideId "12505951"]
[BlackFideId "14101572"]
[EventDate "2019.12.26"]

1. d4 d5 2. Nf3 e6 3. c4 Nf6 4. Nc3 Be7 5. Bg5 h6 6. Bh4 O-O 7. e3 Ne4 8. Bxe7
Qxe7 9. Rc1 c6 10. Bd3 Nxc3 11. Rxc3 dxc4 12. Bxc4 b6 13. Bd3 Bb7 14. O-O Rc8
15. Qc2 c5 16. dxc5 bxc5 17. Bh7+ Kh8 18. Be4 Bxe4 19. Qxe4 Nc6 20. Rfc1 f5 21.
Qf4 Nb4 22. Qxb4 cxb4 23. Rxc8+ Rxc8 24. Rxc8+ Kh7 25. h4 e5 26. Rc4 a5 27. e4
Qe6 28. b3 Qd6 29. exf5 Qd5 30. h5 e4 31. Nd4 Qe5 32. Ne2 Qa1+ 33. Nc1 Qb2 34.
Rc7 Qd2 35. f6 Qd1+ 36. Kh2 Qd6+ 0-1

[Event "World Rapid Women 2019"]
[Site "Moscow RUS"]
[Date "2019.12.27"]
[Round "7.27"]
[White "Fataliyeva, Ulviyya"]
[Black "Ambartsumova, Karina"]
[Result "0-1"]
[WhiteTitle "WGM"]
[BlackTitle "IM"]
[WhiteElo "2387"]
[BlackElo "2341"]
[WhiteFideId "13403052"]
[BlackFideId "4166299"]
[EventDate "2019.12.26"]

1. Nf3 Nf6 2. b3 g6 3. Bb2 Bg7 4. g3 b6 5. Bg2 Bb7 6. O-O O-O 7. e3 c5 8. c4 d5
9. Qe2 Nbd7 10. Nc3 dxc4 11. bxc4 e6 12. Ne1 Bxg2 13. Nxg2 Ne5 14. Ne1 Qd7 15.
f4 Nc6 16. g4 Rad8 17. Rd1 Ne8 18. d3 f5 19. g5 Nc7 20. h4 e5 21. Ng2 Rfe8 22.
Kh1 Qe7 23. Qf3 Nb4 24. e4 Nc2 25. exf5 gxf5 26. fxe5 Nd4 27. Qh3 Qxe5 28. h5
Nce6 29. Bc1 Ne2 30. Nxe2 Qxe2 31. g6 Qg4 32. Qxg4 fxg4 33. h6 Bd4 34. gxh7+
Kxh7 35. Rf7+ Kg6 36. Rxa7 Ra8 37. Rxa8 Rxa8 38. Re1 Nf8 39. a3 Ra7 40. Nf4+ Kh7
41. Nd5 Ng6 42. Nxb6 Rf7 43. Nd5 g3 44. Be3 Nh4 45. Bxd4 g2+ 46. Kg1 Nf3+ 47.
Kf2 Nxe1+ 48. Kxe1 cxd4 0-1

[Event "World Rapid Women 2019"]
[Site "Moscow RUS"]
[Date "2019.12.27"]
[Round "7.28"]
[White "Badelka, Olga"]
[Black "Doluhanova, Evgeniya"]
[Result "0-1"]
[WhiteTitle "IM"]
[BlackTitle "WGM"]
[WhiteElo "2399"]
[BlackElo "2293"]
[WhiteFideId "13509926"]
[BlackFideId "14112035"]
[EventDate "2019.12.26"]

1. c4 Nf6 2. Nc3 e5 3. g3 d5 4. cxd5 Nxd5 5. Bg2 Nxc3 6. bxc3 c5 7. d3 Qc7 8.
Nf3 Nc6 9. O-O Be7 10. d4 exd4 11. cxd4 Nxd4 12. Nxd4 cxd4 13. Qxd4 O-O 14. Bf4
Qb6 15. Qe4 Bf6 16. Rab1 Qa5 17. Qd5 Qa6 18. e4 Rd8 19. Qb3 g5 20. Be3 Rb8 21.
e5 Be6 22. Qb2 Be7 23. Rfd1 Qxa2 24. Qxa2 Bxa2 25. Rxd8+ Rxd8 26. Ra1 Bc4 27.
Bxb7 a5 28. Kg2 Bd5+ 29. Bxd5 Rxd5 30. f4 gxf4 31. gxf4 f6 32. Kf3 fxe5 33. Ke4
Rb5 34. fxe5 Kf7 35. Kf5 Bb4 36. Rc1 a4 37. Rc7+ Ke8 38. Ke6 Kd8 39. Ra7 a3 40.
Bd4 Kc8 41. Kf7 Rd5 42. Bb6 Rxe5 43. Ra4 Rb5 44. Bd4 Kb7 45. Kg7 h5 46. Kg6 Kc6
47. Bf6 Kc5 48. Kxh5 Kc4+ 49. Kg6 Rb6 50. Ra8 Be7 51. Kf7 Rxf6+ 52. Kxe7 Rf3 53.
h4 Kb3 54. Rb8+ Kc2 55. h5 a2 56. Ra8 Kb2 57. h6 a1=Q 0-1

[Event "World Rapid Women 2019"]
[Site "Moscow RUS"]
[Date "2019.12.27"]
[Round "7.29"]
[White "Lysenko, Margarita"]
[Black "Mkrtchian, Lilit"]
[Result "1/2-1/2"]
[WhiteTitle "WFM"]
[BlackTitle "IM"]
[WhiteElo "2290"]
[BlackElo "2395"]
[WhiteFideId "34100200"]
[BlackFideId "13300601"]
[EventDate "2019.12.26"]

1. d4 e6 2. c4 b6 3. e4 Bb4+ 4. Bd2 Bxd2+ 5. Qxd2 d5 6. cxd5 exd5 7. e5 Ne7 8.
f4 O-O 9. Nf3 c5 10. Bd3 Nbc6 11. O-O cxd4 12. Na3 f6 13. exf6 Rxf6 14. Nc2 Bf5
15. Nfxd4 Bxd3 16. Qxd3 Qd6 17. g3 Na5 18. Ne3 Qd7 19. Nf3 Nb7 20. Ng5 g6 21.
Rad1 Rd6 22. b4 a5 23. a3 axb4 24. axb4 Rf8 25. Rd2 Nd8 26. Rfd1 Ne6 27. Nf3 d4
28. Nc4 Nf5 29. Nxd6 Qxd6 30. Qe4 Rd8 31. Rc1 Nc7 32. Rc6 Qd5 33. Qxd5+ Nxd5 34.
Ne5 Nxb4 35. Rxb6 Nd5 36. Rb7 Nc3 37. Nf3 Ne4 38. Rd1 d3 39. Rb3 d2 40. Kf1 Re8
41. Nxd2 Nc5 42. Ra3 Ne3+ 43. Rxe3 Rxe3 44. Kf2 Ra3 45. Nc4 Ne4+ 46. Kg2 Ra2+
47. Kf3 Nf6 48. Rd2 Ra7 49. Ne5 Kg7 50. Rb2 Ra3+ 51. Kg2 Ra7 52. h3 Nd7 53. Nc6
Rc7 54. Nd4 Rc4 55. Rd2 Nf6 56. Ne6+ Kf7 57. Ng5+ Kg7 58. Ra2 h6 59. Ra7+ Kg8
60. Nf7 Rc2+ 61. Kg1 h5 62. Ne5 Rc3 63. Kg2 Rc2+ 64. Kf1 Ne4 65. Nxg6 Nxg3+ 66.
Ke1 Re2+ 67. Kd1 Rh2 68. h4 Nf5 69. Ra5 Ne3+ 70. Ke1 Kg7 71. Rg5 Kf6 72. Ne5 1/2-1/2

[Event "World Rapid Women 2019"]
[Site "Moscow RUS"]
[Date "2019.12.27"]
[Round "7.30"]
[White "Nebolsina, Vera"]
[Black "Osmak, Iulija"]
[Result "0-1"]
[WhiteTitle "WGM"]
[BlackTitle "IM"]
[WhiteElo "2240"]
[BlackElo "2388"]
[WhiteFideId "4163591"]
[BlackFideId "14101602"]
[EventDate "2019.12.26"]

1. e4 e5 2. Nf3 Nc6 3. Bb5 a6 4. Ba4 b5 5. Bb3 Na5 6. Nxe5 Nxb3 7. axb3 Qe7 8.
Ng4 Qxe4+ 9. Ne3 Bb7 10. O-O Nf6 11. Nc3 Qg6 12. Re1 O-O-O 13. d4 h5 14. d5 Bc5
15. Nf1 h4 16. Be3 h3 17. g3 Bb4 18. Qd4 Bxc3 19. bxc3 Nxd5 20. c4 Nb4 21. cxb5
Nxc2 22. Qc4 Nxe1 23. Nd2 axb5 24. Qxb5 Nc2 25. Rc1 Nxe3 26. fxe3 Rh5 27. Qb4
Kb8 28. Qf4 Qd6 29. Qf2 Rc5 30. Nc4 Qc6 31. e4 Qxe4 0-1

[Event "World Rapid Women 2019"]
[Site "Moscow RUS"]
[Date "2019.12.27"]
[Round "7.31"]
[White "Dauletova, Gulmira"]
[Black "Zhukova, Natalia"]
[Result "1-0"]
[WhiteTitle "WIM"]
[BlackTitle "GM"]
[WhiteElo "2250"]
[BlackElo "2324"]
[WhiteFideId "13702971"]
[BlackFideId "14101513"]
[EventDate "2019.12.26"]

1. e4 e5 2. Nf3 Nc6 3. Bb5 a6 4. Ba4 Nf6 5. O-O b5 6. Bb3 Bc5 7. c3 d6 8. a4 Rb8
9. d4 Bb6 10. axb5 axb5 11. Na3 O-O 12. Nxb5 Bg4 13. h3 Bxf3 14. Qxf3 exd4 15.
Bg5 dxc3 16. Bxf6 Qxf6 17. Qxf6 gxf6 18. Nxc3 Bd4 19. Ba4 Ne5 20. Rad1 Rb4 21.
Bc2 Bxc3 22. bxc3 Rc4 23. f4 Nd7 24. Rf3 Nc5 25. Rd4 Rxd4 26. cxd4 Ne6 27. d5
Nc5 28. Rg3+ Kh8 29. Rc3 Re8 30. Rc4 Kg7 31. Kf2 Ra8 32. Rc3 Ra1 33. Kf3 Rf1+
34. Kg4 Rf2 35. g3 Rf1 36. Kf5 Rc1 37. Rc4 Rg1 38. Rc3 Re1 39. g4 Rh1 40. Rf3
Rc1 41. Rc3 Rh1 42. Rf3 Rc1 43. Rc3 Rh1 44. Rg3 Rc1 45. Rg2 Rh1 46. g5 fxg5 47.
Rxg5+ Kf8 48. Rg3 Ke7 49. Re3 Rc1 50. Re2 Nd7 51. e5 Nb6 52. Be4 Rf1 53. Kg5 Nd7
54. Bxh7 Rd1 55. Be4 dxe5 56. fxe5 Nxe5 57. h4 f6+ 58. Kh6 Rg1 59. Rg2 Re1 60.
Rg7+ Kd6 61. Bg2 f5 62. Kg5 Rd1 63. Kxf5 Rd4 64. h5 Rh4 65. Kg5 Rh2 66. Be4 Nc4
67. h6 Nd2 68. Rg6+ Ke5 69. Re6+ Kd4 70. Bg6 Kxd5 71. Re3 Nc4 72. Rd3+ Ke6 73.
h7 Ne5 74. Rg3 Nf7+ 75. Kf4 Rh4+ 1-0

[Event "World Rapid Women 2019"]
[Site "Moscow RUS"]
[Date "2019.12.27"]
[Round "7.32"]
[White "Maltsevskaya, Aleksandra"]
[Black "Balaian, Alina"]
[Result "1-0"]
[WhiteTitle "WGM"]
[BlackTitle "WIM"]
[WhiteElo "2318"]
[BlackElo "2243"]
[WhiteFideId "24174041"]
[BlackFideId "24115347"]
[EventDate "2019.12.26"]

1. e4 e6 2. d3 d5 3. Nd2 Nf6 4. g3 c5 5. Bg2 g6 6. Ngf3 Bg7 7. O-O O-O 8. a4 Nc6
9. exd5 Nxd5 10. Nc4 b6 11. Re1 Qc7 12. Ng5 Bb7 13. a5 b5 14. a6 Bc8 15. Ne3
Ndb4 16. Qf3 h6 17. Ne4 Nd4 18. Qd1 Nd5 19. Nxd5 exd5 20. Nc3 Be6 21. Nxd5 Qd7
22. Nf4 Bg4 23. f3 Bf5 24. c3 Ne6 25. Nxe6 fxe6 26. Be3 Rac8 27. Qd2 g5 28. f4
g4 29. Qf2 Qe7 30. Rad1 Rfd8 31. d4 cxd4 32. Bxd4 Bxd4 33. Rxd4 Rxd4 34. Qxd4
Rd8 35. Qe5 Qd7 36. Be4 Qd2 37. Bxf5 exf5 38. Re2 Qd1+ 39. Kf2 Qd7 40. Qf6 Qd6
41. Re8+ 1-0

[Event "World Rapid Women 2019"]
[Site "Moscow RUS"]
[Date "2019.12.27"]
[Round "7.33"]
[White "Afonasieva, Anna"]
[Black "Kulon, Klaudia"]
[Result "1-0"]
[WhiteTitle "WFM"]
[BlackTitle "IM"]
[WhiteElo "2302"]
[BlackElo "2345"]
[WhiteFideId "24173606"]
[BlackFideId "1131044"]
[EventDate "2019.12.26"]

1. d4 d5 2. Nf3 c6 3. c4 e6 4. e3 f5 5. Bd3 Nf6 6. O-O Bd6 7. Qc2 O-O 8. b3 Qe7
9. Bb2 b6 10. Nbd2 Bb7 11. Ne5 Na6 12. a3 Rac8 13. b4 c5 14. Qa4 cxb4 15. cxd5
exd5 16. Bxa6 Bxa6 17. Qxa6 Rc2 18. Bc1 Bxe5 19. dxe5 Qxe5 20. Rb1 Ng4 21. Nf3
Qe4 22. Rxb4 Qe7 23. Qd3 Rc5 24. Bb2 Nf6 25. Bd4 Ra5 26. Rc1 Ne4 27. h3 h6 28.
Be5 Rf7 29. Bb2 f4 30. Rd4 Nc5 31. Qc2 fxe3 32. Rxd5 Ne4 33. Qd3 exf2+ 34. Kh2
Rxd5 35. Qxd5 Kh7 36. Be5 Ng5 37. Nxg5+ hxg5 38. Qd3+ Kh6 39. Rc6+ Rf6 40. Bxf6
gxf6 41. Qf3 Qe5+ 42. g3 Qb2 43. Qxf6+ 1-0

[Event "World Rapid Women 2019"]
[Site "Moscow RUS"]
[Date "2019.12.27"]
[Round "7.34"]
[White "Pourkashiyan, Atousa"]
[Black "Garifullina, Leya"]
[Result "1/2-1/2"]
[WhiteTitle "WGM"]
[BlackTitle "WIM"]
[WhiteElo "2305"]
[BlackElo "2308"]
[WhiteFideId "12502014"]
[BlackFideId "34127035"]
[EventDate "2019.12.26"]

1. e4 c5 2. Nf3 d6 3. d4 cxd4 4. Nxd4 Nf6 5. Nc3 a6 6. Be2 e5 7. Nb3 Be7 8. O-O
O-O 9. Be3 Be6 10. Qd3 Nbd7 11. a4 Qc7 12. Rfd1 Rfc8 13. a5 b5 14. axb6 Nxb6 15.
Na5 Rab8 16. Qxa6 Nc4 17. Nxc4 Bxc4 18. Bxc4 Qxc4 19. Qxc4 Rxc4 20. Bg5 Rxb2 21.
Ra8+ Bf8 22. Bxf6 gxf6 23. Nd5 Rcxc2 24. Ne7+ Kg7 25. Nf5+ Kg8 26. Rf1 Rb6 27.
h4 h5 28. Rfa1 Rcb2 29. R1a3 Rb8 30. Ng3 d5 31. Rxb8 Rxb8 32. Rd3 dxe4 33. Nxe4
Be7 34. Ng3 Rb4 35. Rc3 f5 36. Rc8+ Kh7 37. Rc7 Bxh4 38. Rxf7+ Kg6 39. Rf8 Bxg3
40. fxg3 h4 41. gxh4 Rxh4 42. Kf2 Ra4 43. Rg8+ Kf6 44. Rc8 Ra2+ 45. Kf3 Ra3+ 46.
Kf2 Ke6 47. Rc2 f4 48. Re2 Kf5 49. Rb2 e4 50. Re2 Rb3 51. Ra2 Kg4 52. Ra8 Rb2+
53. Kf1 Rb1+ 54. Ke2 Kg3 55. Rg8+ Kh2 56. Rg4 Rb2+ 57. Kf1 Rb1+ 58. Ke2 1/2-1/2

[Event "World Rapid Women 2019"]
[Site "Moscow RUS"]
[Date "2019.12.27"]
[Round "7.35"]
[White "Mamedjarova, Turkan"]
[Black "Tomilova, Elena"]
[Result "1/2-1/2"]
[WhiteTitle "WGM"]
[BlackTitle "WGM"]
[WhiteElo "2310"]
[BlackElo "2341"]
[WhiteFideId "13402005"]
[BlackFideId "4162340"]
[EventDate "2019.12.26"]

1. d4 Nf6 2. c4 e6 3. Nc3 Bb4 4. Qc2 O-O 5. e4 d5 6. e5 Ne4 7. Bd3 c5 8. dxc5
Nd7 9. Nf3 Ndxc5 10. O-O Bxc3 11. bxc3 Bd7 12. Bxe4 dxe4 13. Ng5 Ba4 14. Qb1 Qd3
15. Ba3 Bc2 16. Qb5 b6 17. Bxc5 bxc5 18. Qxc5 h6 19. Nh3 Rfc8 20. Qe7 Qxc4 21.
Rac1 Qxc3 22. Qb7 Qc7 23. Qb2 Rab8 24. Qd4 Qc5 25. Qd2 Rb2 26. Rfe1 Rxa2 27. Kh1
Qxe5 28. f4 Qc3 29. Qf2 Ra5 30. Ng1 Qd3 31. f5 exf5 32. Nh3 g5 33. Re3 Qc4 34.
Re2 Ra2 35. Qxf5 Qxe2 36. Qxc8+ Kg7 37. Qc3+ Kh7 38. Qf6 Bb3 39. Qf5+ Kg7 40.
Qe5+ Kg6 41. Rc6+ Be6 42. Rxe6+ fxe6 43. Qxe6+ Kg7 44. Qe7+ Kg6 45. Qe6+ Kg7 46.
Qe7+ Kg6 47. Qe6+ Kg7 48. Qe7+ 1/2-1/2

[Event "World Rapid Women 2019"]
[Site "Moscow RUS"]
[Date "2019.12.27"]
[Round "7.36"]
[White "Manakova, Maria"]
[Black "Yakimova, Mariya"]
[Result "1/2-1/2"]
[WhiteTitle "WGM"]
[BlackTitle "WFM"]
[WhiteElo "2238"]
[BlackElo "2288"]
[WhiteFideId "927007"]
[BlackFideId "34188859"]
[EventDate "2019.12.26"]

1. e4 c5 2. Nf3 Nc6 3. d4 cxd4 4. Nxd4 Nf6 5. Nc3 e5 6. Ndb5 d6 7. Bg5 a6 8. Na3
b5 9. Nd5 Be7 10. Bxf6 Bxf6 11. c3 O-O 12. Nc2 Bg5 13. Be2 Be6 14. Nce3 Ne7 15.
Nxe7+ Qxe7 16. Nd5 Qb7 17. O-O Bxd5 18. Qxd5 Qxd5 19. exd5 Rab8 20. g3 f5 21.
Rfb1 a5 22. h4 Bf6 23. a4 b4 24. cxb4 Rxb4 25. b3 Rfb8 26. Bb5 Kf8 27. Kf1 e4
28. Ra2 Bd4 29. Ke2 Ke7 30. Rc2 Bc5 31. Rc4 Kf6 32. Rxb4 Bxb4 33. f3 Ke5 34. Bc4
Rf8 35. Rf1 exf3+ 36. Rxf3 Bc5 37. Kd3 f4 38. Bb5 Rf6 39. gxf4+ Rxf4 40. Rxf4
Kxf4 41. h5 Kg5 42. Be8 Kf5 43. Bf7 g5 44. hxg6 hxg6 45. Ke2 g5 46. Kf3 Kf6 1/2-1/2

[Event "World Rapid Women 2019"]
[Site "Moscow RUS"]
[Date "2019.12.27"]
[Round "7.37"]
[White "Kovalevskaya, Ekaterina"]
[Black "Borisova, Ekaterina"]
[Result "0-1"]
[WhiteTitle "IM"]
[BlackTitle "FM"]
[WhiteElo "2407"]
[BlackElo "2344"]
[WhiteFideId "4116704"]
[BlackFideId "34124184"]
[EventDate "2019.12.26"]

1. e4 d6 2. d4 Nf6 3. Nc3 e5 4. Nf3 Nbd7 5. g3 Be7 6. Bg2 O-O 7. O-O c6 8. a4
Re8 9. Re1 Qc7 10. h3 b6 11. Be3 a6 12. Nh4 Rb8 13. Nf5 Bf8 14. g4 exd4 15. Bxd4
g6 16. Ng3 h6 17. Qd2 b5 18. axb5 axb5 19. Be3 Kh7 20. Rad1 b4 21. Nce2 b3 22.
c3 Ne5 23. Qc1 Bb7 24. Nd4 c5 25. Nb5 Qb6 26. c4 Ba6 27. f4 Nxc4 28. Qxc4 d5 29.
exd5 Qxb5 30. Qc3 Nd7 31. f5 Bg7 32. Qd2 Ne5 33. Qf2 Nd3 34. Rxd3 Qxd3 35. f6
Bf8 36. Bf1 Qxd5 37. Bxa6 c4 38. Qd2 Qc6 39. Bxc4 Qxc4 40. Rc1 Qe6 41. Bf2 Bb4
42. Qd4 Red8 43. Qa7 Qxf6 44. Rf1 Qe7 45. Qa4 Bc5 46. Qf4 Bxf2+ 47. Rxf2 Rb7 48.
Ne4 Kg7 49. Nf6 Rd1+ 50. Kg2 Rb6 51. Ne4 Rd4 0-1

[Event "World Rapid Women 2019"]
[Site "Moscow RUS"]
[Date "2019.12.27"]
[Round "7.38"]
[White "Strutinskaia, Galina"]
[Black "Buksa, Nataliya"]
[Result "1/2-1/2"]
[WhiteTitle "WGM"]
[BlackTitle "IM"]
[WhiteElo "2214"]
[BlackElo "2403"]
[WhiteFideId "4108558"]
[BlackFideId "14123622"]
[EventDate "2019.12.26"]

1. d4 d5 2. c4 e6 3. Nf3 Nf6 4. Nc3 Nbd7 5. e3 a6 6. Qc2 Be7 7. b3 b6 8. e4 dxe4
9. Nxe4 Bb7 10. Bd3 c5 11. Bb2 cxd4 12. Nxd4 Bb4+ 13. Kf1 O-O 14. h4 h6 15. Rh3
Be7 16. Qe2 Nc5 17. Nxc5 bxc5 18. Nc2 Qd7 19. Ne3 Qc6 20. Rg3 Rfd8 21. Re1 h5
22. Bb1 Qd7 23. Nd5 Bxd5 24. cxd5 Qxd5 25. Be4 Nxe4 26. Rxg7+ Kf8 27. Qxe4 Qxe4
28. Rxe4 Rd2 29. Bc3 Rc2 30. Rh7 Rc1+ 31. Ke2 Rxc3 32. Rh8+ Kg7 33. Rxa8 Rc2+
34. Kf3 Rxa2 35. Ra7 Bf6 36. Rxe6 c4 37. bxc4 Bd4 38. Rexa6 Rxf2+ 39. Kg3 Bxa7
40. Rxa7 Rc2 41. Rc7 Kg6 42. Rc5 f6 43. Kf3 Rc1 44. g3 Rf1+ 45. Ke4 Re1+ 46. Kd5
Re3 47. Rc8 Kf5 48. Rg8 Rd3+ 49. Kc6 Ke6 50. c5 Kf7 51. Rh8 Rxg3 52. Rxh5 Ke6
53. Rh8 f5 54. h5 f4 55. h6 Kf7 56. Ra8 Rg6+ 57. Kd7 Rxh6 58. Ra4 f3 59. c6 f2
60. Rf4+ Rf6 61. Rxf2 Rxf2 62. c7 Rd2+ 63. Kc6 Ke7 64. c8=Q Rc2+ 65. Kb7 Rxc8 1/2-1/2

[Event "World Rapid Women 2019"]
[Site "Moscow RUS"]
[Date "2019.12.27"]
[Round "7.39"]
[White "Munkhzul, Davaakhuu"]
[Black "Kovanova, Baira"]
[Result "0-1"]
[WhiteTitle "WCM"]
[BlackTitle "WGM"]
[WhiteElo "1991"]
[BlackElo "2335"]
[WhiteFideId "4902815"]
[BlackFideId "4164083"]
[EventDate "2019.12.26"]

1. e4 e5 2. Nf3 Nc6 3. Bb5 a6 4. Ba4 Nge7 5. c3 g6 6. d4 exd4 7. cxd4 b5 8. Bb3
Bg7 9. O-O d6 10. Nc3 O-O 11. h3 Na5 12. Bc2 Bb7 13. Bg5 h6 14. Bxe7 Qxe7 15.
Re1 c5 16. a4 b4 17. Nd5 Qd8 18. dxc5 dxc5 19. Rb1 Nc4 20. Bb3 Na5 21. Ba2 Rb8
22. Qd3 Bc6 23. Bc4 Bxa4 24. Bxa6 Bb3 25. Nd2 Ba2 26. Rbc1 Bxd5 27. exd5 Bd4 28.
Ne4 Qb6 29. Re2 Kg7 30. b3 Rbd8 31. Bc4 Nc6 32. dxc6 Bxf2+ 33. Rxf2 Rxd3 34.
Bxd3 Qxc6 35. Rxc5 Qe6 36. Rc4 Rd8 37. Bc2 f5 38. Nc5 Qe3 39. Nd3 Rxd3 40. Bxd3
Qxd3 41. Rxb4 Qe3 42. Rb7+ Kf6 43. b4 g5 44. Rc7 Qe1+ 45. Rf1 Qxb4 46. Rc6+ Kg7
47. Rxf5 Qe1+ 48. Kh2 Qe4 49. Rfc5 Qf4+ 50. Kg1 Qe3+ 51. Kf1 Qf4+ 52. Ke2 Qg3
53. Kf1 Qf4+ 54. Kg1 g4 55. Rc7+ Kf6 56. R5c6+ Ke5 57. Rc5+ Kf6 58. Rc1 Qe3+ 59.
Kh2 gxh3 60. Rf1+ Kg6 61. Rc6+ Kg7 62. Rc7+ Kg6 63. Rc6+ Kh5 64. Rf5+ Kg4 65.
Rf3 Qe5+ 66. Kh1 hxg2+ 67. Kxg2 Qe2+ 68. Rf2 Qe4+ 69. Kh2 Qxc6 70. Rg2+ Kh4 71.
Rg1 Qf3 72. Rg2 h5 73. Kg1 Kh3 74. Rh2+ Kg4 75. Rg2+ Kh4 76. Rh2+ Kg5 77. Rg2+
Kh6 78. Rh2 Qg3+ 79. Rg2 Qe1+ 80. Kh2 h4 81. Rg4 Qe2+ 82. Kh3 Kh5 83. Rxh4+ Kg5
84. Rh8 Qd3+ 85. Kg2 Qc2+ 86. Kf1 Qb1+ 87. Kg2 Qb2+ 0-1

[Event "World Rapid Women 2019"]
[Site "Moscow RUS"]
[Date "2019.12.27"]
[Round "7.40"]
[White "Nazarova, Anastasia"]
[Black "Guseva, Marina"]
[Result "0-1"]
[WhiteTitle "WFM"]
[BlackTitle "IM"]
[WhiteElo "2176"]
[BlackElo "2373"]
[WhiteFideId "34101737"]
[BlackFideId "4149351"]
[EventDate "2019.12.26"]

1. e4 c5 2. Nf3 d6 3. d4 cxd4 4. Nxd4 Nf6 5. Nc3 a6 6. Be3 e5 7. Nb3 Be6 8. f3
h5 9. Qd2 Nbd7 10. O-O-O Rc8 11. Kb1 b5 12. h3 Be7 13. Bd3 h4 14. Rhe1 Nb6 15.
f4 Nc4 16. Bxc4 bxc4 17. Nc1 Rb8 18. f5 Bd7 19. Bg5 Qb6 20. b3 cxb3 21. cxb3 Bc6
22. Bxf6 Bxf6 23. Nd5 Bxd5 24. Qxd5 Ke7 25. Nd3 Rhc8 26. Rc1 Bg5 27. Rc4 Kf8 28.
Rd1 Rxc4 29. Qxc4 Kg8 30. Nb2 Qf2 31. Qc2 Qg3 32. Rxd6 Rb4 33. Nc4 Rb8 34. Rxa6
Qe1+ 35. Kb2 Be3 36. Nxe3 Qxe3 37. Rd6 Rb4 38. Rd8+ Kh7 39. Qc8 Kh6 40. Rh8+ Kg5
41. f6 Rxe4 42. fxg7 Qd4+ 43. Qc3 Re2+ 44. Ka3 Qa7+ 45. Kb4 Qb6+ 46. Ka3 Qa6+
47. Kb4 Qb6+ 48. Ka3 Qd6+ 49. b4 Qa6+ 50. Kb3 Qxa2# 0-1

[Event "World Rapid Women 2019"]
[Site "Moscow RUS"]
[Date "2019.12.27"]
[Round "7.41"]
[White "Bivol, Alina"]
[Black "Khokhlova, Daria"]
[Result "1-0"]
[WhiteTitle "WGM"]
[WhiteElo "2374"]
[BlackElo "2208"]
[WhiteFideId "4100123"]
[BlackFideId "24182729"]
[EventDate "2019.12.26"]

1. c4 c5 2. g3 Nc6 3. Bg2 Nf6 4. Nf3 e6 5. Nc3 Be7 6. O-O O-O 7. d4 cxd4 8. Nxd4
Ne5 9. b3 a6 10. Bb2 d6 11. Qd2 Qc7 12. Rac1 Bd7 13. Rfd1 Rfd8 14. h3 Nc6 15.
Nd5 exd5 16. cxd5 Nxd5 17. Bxd5 Qb6 18. Qf4 Ne5 19. Nf3 Bf6 20. Nxe5 dxe5 21.
Bxe5 Bxe5 22. Qxe5 Bxh3 23. Bxf7+ Kh8 24. Bd5 Re8 25. Qh5 Be6 26. Be4 Bg8 27.
Bf3 Rad8 28. Kg2 Qa5 29. Qxa5 1-0

[Event "World Rapid Women 2019"]
[Site "Moscow RUS"]
[Date "2019.12.27"]
[Round "7.42"]
[White "Sgircea, Silvia-Raluca"]
[Black "Solozhenkina, Elizaveta"]
[Result "0-1"]
[WhiteTitle "WIM"]
[BlackTitle "WIM"]
[WhiteElo "2271"]
[BlackElo "2329"]
[WhiteFideId "1213776"]
[BlackFideId "34106615"]
[EventDate "2019.12.26"]

1. Nf3 Nf6 2. c4 e6 3. Nc3 d5 4. e3 Bd6 5. b3 O-O 6. Bb2 b6 7. Qc2 a6 8. d4 Bb7
9. Be2 Nbd7 10. O-O Qe7 11. Rac1 Rac8 12. Rfd1 c5 13. cxd5 exd5 14. dxc5 bxc5
15. Na4 Ne4 16. Bd3 Ndf6 17. h3 Rfe8 18. Qe2 Bb8 19. Ba3 Nd7 20. Bb1 f5 21. Bb2
Qd6 22. Qd3 Ndf6 23. Ba3 g5 24. Kf1 g4 25. hxg4 fxg4 26. Nh4 Qh2 27. Nf5 Qh1+
28. Ke2 Qxg2 29. Nh4 Qxf2# 0-1

[Event "World Rapid Women 2019"]
[Site "Moscow RUS"]
[Date "2019.12.27"]
[Round "7.43"]
[White "Munkhzul, Turmunkh"]
[Black "Karavaeva, Olga"]
[Result "0-1"]
[WhiteTitle "WIM"]
[BlackTitle "WIM"]
[WhiteElo "2278"]
[BlackElo "2260"]
[WhiteFideId "4901878"]
[BlackFideId "4124111"]
[EventDate "2019.12.26"]

1. e4 c5 2. Nf3 e6 3. d4 cxd4 4. Nxd4 Nf6 5. Nc3 Nc6 6. Ndb5 d6 7. Bf4 e5 8. Bg5
a6 9. Na3 b5 10. Nd5 Be7 11. Bxf6 Bxf6 12. c3 O-O 13. Nc2 Bg5 14. a4 bxa4 15.
Rxa4 a5 16. Bc4 Rb8 17. b3 Kh8 18. h4 Bh6 19. g4 Bf4 20. Qf3 Be6 21. g5 Qd7 22.
Qd3 Ne7 23. Nce3 Bxe3 24. Qxe3 Bxd5 25. exd5 Qc7 26. O-O f6 27. Rfa1 Ra8 28. g6
Nxg6 29. Bb5 Ne7 30. c4 f5 31. b4 f4 32. Qh3 Nf5 33. Bc6 Ra7 34. Rxa5 Rxa5 35.
Rxa5 Qb6 36. Rb5 Qa7 37. Ra5 Qf7 38. Qg4 Nd4 39. Bd7 h5 40. Qh3 Qg6+ 41. Kh2 Qc2
42. Qg2 f3 43. Qg3 Ne2 44. Qg5 Nf4 45. Qg3 Nd3 46. Kg1 Qd1+ 47. Kh2 Qe2 48. Kg1
Qe1+ 49. Kh2 Nxf2 50. Qg1 Qe2 51. Bh3 Nxh3+ 52. Kxh3 f2 0-1

[Event "World Rapid Women 2019"]
[Site "Moscow RUS"]
[Date "2019.12.27"]
[Round "7.44"]
[White "Antova, Gabriela"]
[Black "Shafigullina, Zarina"]
[Result "0-1"]
[WhiteTitle "FM"]
[BlackTitle "WFM"]
[WhiteElo "2314"]
[BlackElo "2269"]
[WhiteFideId "2915235"]
[BlackFideId "24174220"]
[EventDate "2019.12.26"]

1. d4 Nf6 2. c4 e6 3. Nf3 b6 4. g3 Ba6 5. Nbd2 Bb4 6. Qa4 c5 7. dxc5 bxc5 8. a3
Bxd2+ 9. Bxd2 Bb7 10. Bg2 O-O 11. O-O Bc6 12. Qc2 Qc8 13. Bf4 Be4 14. Qc1 Qa6
15. Rd1 Rc8 16. Be5 d5 17. Bxf6 gxf6 18. cxd5 exd5 19. Qf4 Qe6 20. Nh4 Bxg2 21.
Kxg2 Nc6 22. Nf5 Kh8 23. Rac1 Ne5 24. e4 Ng6 25. Qe3 d4 26. Qf3 Ne5 27. Qh5 Nc4
28. Re1 Nxb2 29. Qh6 Rg8 30. Re2 d3 31. Rxb2 Qxe4+ 32. Kg1 Qxf5 33. Rc4 Rab8 34.
Rxb8 Rxb8 35. Rf4 Qg6 36. Qh4 d2 37. Rxf6 d1=Q+ 38. Kg2 Qd5+ 0-1